00305nam a22000977a 4500003000400000008004100004245006400045250002900109260004700138650002200185OSt201203b ||||| |||| 00| 0 eng d aIndian Journal of Civil Engineering and Technology Research a2015(Jan-Jun Vol.4 No.1) aNew DelhibGBS Publishers And Distributors aCivil Engineering